| 000 | 00000nam##2200000za#4500 |
| 001 | 9.699251 |
| 003 | CaOODSP |
| 005 | 20210625000309 |
| 007 | cr ||||||||||| |
| 008 | 150407|1985||||xxc|||||o f|0| 0 eng|d |
| 040 | |aCaOODSP|beng |
| 043 | |an-cn--- |
| 086 | 1 |aA53-1787/1989E-PDF |
| 110 | 1 |aCanada.|bAgriculture Canada.|bResearch Branch. |
| 245 | 10|aGrowing field beans in Canada / |h[electronic resource]|c[by] S.J. Park. |
| 260 | |bAgriculture Canada. |c1985, reprinted 1989. |
| 300 | |a32p.|btables, photographs |
| 500 | |aHistorical publication digitized by Agriculture and Agri-Food Canada. |
| 590 | |a14-11-Supp|b2014-05-21 |
| 690 | 07|aFarming|2gcpds |
| 690 | 07|aVegetable crops|2gcpds |
| 775 | 08|tLes haricots de grande culture au Canada |w(CaOODSP)9.643227 |
| 856 | 40|ahttp://publications.gc.ca|qPDF|s2.3 MB|uhttps://publications.gc.ca/collections/collection_2014/aac-aafc/agrhist/A53-1787-1989-eng.pdf |
| 986 | |a1787/E |